Škola demokracie. K transformaci bytových družstev.
Transformácia existujúcich bytových družstiev na družstvá skutočných vlastníkov je zložitý proces, ktorý má tak stránku racionálnu a právnu, ako aj stránku psychologickú. Charakteristika právneho aspektu transformácie, majetkového postavenia družstva a zániku členstva, respektíve zániku družstva. Sk...
Uložené v:
| Hlavný autor: | |
|---|---|
| Médium: | Kapitola |
| Jazyk: | Czech |
| Predmet: | |
| Tagy: |
Žiadne tagy, Buďte prvý, kto otaguje tento záznam!
|
MARC
| LEADER | 00000naa a2200000 4500 | ||
|---|---|---|---|
| 001 | r012213 | ||
| 005 | 20220826093549.7 | ||
| 041 | 0 | |a cze | |
| 044 | |a CZ | ||
| 245 | 1 | 0 | |a Škola demokracie. |b K transformaci bytových družstev. |c I. Pelikánová |
| 520 | |a Transformácia existujúcich bytových družstiev na družstvá skutočných vlastníkov je zložitý proces, ktorý má tak stránku racionálnu a právnu, ako aj stránku psychologickú. Charakteristika právneho aspektu transformácie, majetkového postavenia družstva a zániku členstva, respektíve zániku družstva. Skúmanie psychologického aspektu transformácie. | ||
| 610 | 2 | 0 | |a družstvá bytové |
| 610 | 2 | 0 | |a transformácia |
| 610 | 2 | 0 | |a predpisy právne |
| 610 | 2 | 0 | |a spoločnosti obchodné |
| 610 | 2 | 0 | |a zákonník obchodný |
| 610 | 2 | 0 | |a majetok kmeňový |
| 100 | 1 | |a Pelikánová, Irena | |